000 01065nam a2200265 a 4500
001 BRCA_5091
005 20190320204933.0
008 111110s1954----nyua######---#000-0#eng-#
041 _aeng
044 _anyu
050 4 _aN7103
_b.S63 1954
245 1 0 _aSpanish Medieval Art
_bloan exhibition in honor of Dr. Walter W. S. Cook
_carranged by The Alunmi Association Institute of Fine Arts, New York University in cooperation with Metropolitan Museum of Art.
260 _aNueva York
_bA. H. Vela
_c1954
300 _a1 v. (sin paginación)
_bil., 8 láminas
_c21 cm.
500 _aCatálogo de la exposición realizada en The Cloisters (Nueva York), 15 diciembre, 1954 - 30 enero, 1955
500 _aDD43
600 1 4 _aCook, Walter W. S.
_912981
650 1 4 _aArte medieval
_zEspaña
_912982
650 1 4 _aGalerías y museos
_zEstados Unidos
_97437
650 1 4 _aArte medieval
_vExposiciones
_912983
710 2 _aNew York University
_bInstitute of Fine Arts
_912984
710 2 _aMetropolitan Museum of Art (Nueva York)
_97537
902 _aGFM
942 _2lcc
_cB
999 _c4785
_d4785